00223nam a2200097Ia 4500008004100000041000800041100001200049245003600061650000900097999001900106230605s9999 xx 000 0 und d aeng aVarleys aPractical clinical biochemistry aC.S. c417370d417370